Southville International School and Colleges
Your cart is empty.
  • Cart
  • Lists
    Public lists Eva Luna New books Lux_list list_1
    Your lists Log in to create your own lists
  • Log in to your account
  • Your cookies
  • Search history
Southville International School and Colleges
  • Advanced search
  • Recent comments
  • Most popular
  • Libraries

Log in to your account

Log in with GOOGLE


If you do not have an external account, but do have a local account, you can still log in:

  1. Home
  2. MARC view: Dragonflight /
Normal view MARC view ISBD view

Dragonflight / (Record no. 11386)

[ view plain ]
MARC details
000 -LEADER
fixed length control field 01474cam a22004093a 4500
001 - CONTROL NUMBER
control field 12750464
003 - CONTROL NUMBER IDENTIFIER
control field OSt
005 - DATE AND TIME OF LATEST TRANSACTION
control field 20140310182252.0
008 - FIXED-LENGTH DATA ELEMENTS--GENERAL INFORMATION
fixed length control field 910211t19891978nyu 000 0 eng d
010 ## - LIBRARY OF CONGRESS CONTROL NUMBER
LC control number 2002580748
020 ## - INTERNATIONAL STANDARD BOOK NUMBER
International Standard Book Number 9780345335463
035 ## - SYSTEM CONTROL NUMBER
System control number (OCoLC)ocm23086474
040 ## - CATALOGING SOURCE
Original cataloging agency NOE
Transcribing agency NOE
Modifying agency DVA
-- OCL
-- DLC
042 ## - AUTHENTICATION CODE
Authentication code lccopycat
050 00 - LIBRARY OF CONGRESS CALL NUMBER
Classification number PS 3563.A255
Item number .M478 1968
082 ## - DEWEY DECIMAL CLASSIFICATION NUMBER
Classification number FIC
Item number M12d 1978
100 1# - MAIN ENTRY--PERSONAL NAME
Personal name McCaffrey, Anne.
9 (RLIN) 20079
245 10 - TITLE STATEMENT
Title Dragonflight /
Statement of responsibility, etc Anne McCaffrey.
260 ## - PUBLICATION, DISTRIBUTION, ETC. (IMPRINT)
Place of publication, distribution, etc New York :
Name of publisher, distributor, etc Ballantine Books,
Date of publication, distribution, etc c1968.
300 ## - PHYSICAL DESCRIPTION
Extent xii, 303 p. : map ;
Dimensions 18 cm.
490 1# - SERIES STATEMENT
Series statement The dragonriders of Pern ;
Volume number/sequential designation v. 1
500 ## - GENERAL NOTE
General note "A Del Rey book."
541 ## - IMMEDIATE SOURCE OF ACQUISITION NOTE
-- 1
562 ## - COPY AND VERSION IDENTIFICATION NOTE
Number of copies 1
650 #1 - SUBJECT ADDED ENTRY--TOPICAL TERM
Topical term or geographic name as entry element Science fiction.
650 #1 - SUBJECT ADDED ENTRY--TOPICAL TERM
Topical term or geographic name as entry element Dragons
General subdivision Fiction.
9 (RLIN) 20096
655 #7 - INDEX TERM--GENRE/FORM
Genre/form data or focus term Fantasy fiction.
Source of term gsafd
9 (RLIN) 3053
655 #7 - INDEX TERM--GENRE/FORM
Genre/form data or focus term Science fiction.
Source of term gsafd
9 (RLIN) 1889
710 2# - ADDED ENTRY--CORPORATE NAME
Corporate name or jurisdiction name as entry element Copyright Paperback Collection (Library of Congress)
Institution to which field applies DLC
9 (RLIN) 705
800 1# - SERIES ADDED ENTRY--PERSONAL NAME
Personal name McCaffrey, Anne.
Title of a work Dragonriders of Pern ;
Volume/sequential designation v. 1.
9 (RLIN) 20097
856 42 - ELECTRONIC LOCATION AND ACCESS
Materials specified Contributor biographical information
Uniform Resource Identifier <a href="http://www.loc.gov/catdir/bios/random054/2002580748.html">http://www.loc.gov/catdir/bios/random054/2002580748.html</a>
856 41 - ELECTRONIC LOCATION AND ACCESS
Materials specified Sample text
Uniform Resource Identifier <a href="http://www.loc.gov/catdir/samples/random043/2002580748.html">http://www.loc.gov/catdir/samples/random043/2002580748.html</a>
856 42 - ELECTRONIC LOCATION AND ACCESS
Materials specified Publisher description
Uniform Resource Identifier <a href="http://www.loc.gov/catdir/description/random049/2002580748.html">http://www.loc.gov/catdir/description/random049/2002580748.html</a>
906 ## - LOCAL DATA ELEMENT F, LDF (RLIN)
a 7
b cbc
c copycat
d 2
e ncip
f 20
g y-genrareb
942 ## - ADDED ENTRY ELEMENTS (KOHA)
Source of classification or shelving scheme Library of Congress Classification
Koha item type
Holdings
Withdrawn status Lost status Source of classification or shelving scheme Damaged status Home library Current library Shelving location Date acquired Total Checkouts Full call number Barcode Date last seen Copy number Price effective from Koha item type
    Library of Congress Classification   Luxembourg Library Luxembourg Library Fiction Section 09/16/2013   PS 3563.A255 .M478 1968 11723 09/16/2013 1 09/16/2013 Books

Dragonflight /

APA

McCaffrey A., Copyright Paperback Collection (Library of Congress), . (1968). Dragonflight. New York: Ballantine Books.

Chicago

McCaffrey Anne, Copyright Paperback Collection (Library of Congress), . 1968. Dragonflight. New York: Ballantine Books.

Harvard

McCaffrey A., Copyright Paperback Collection (Library of Congress), . (1968). Dragonflight. New York: Ballantine Books.

MLA

McCaffrey Anne, Copyright Paperback Collection (Library of Congress), . Dragonflight. New York: Ballantine Books. 1968.

  • Place hold
  • Print
  • Cite
  • Add to your cart (remove)
  • Save record
    BIBTEX Dublin Core MARCXML MARC (non-Unicode/MARC-8) MARC (Unicode/UTF-8) MARC (Unicode/UTF-8, Standard) MODS (XML) RIS
  • More searches
    Search for this title in:
    Other Libraries (WorldCat) Other Databases (Google Scholar) Online Stores (Bookfinder.com) Open Library (openlibrary.org)

Exporting to Dublin Core...

SOUTHVILLE LIBRARY

Southville International School and Colleges Library

1281 Tropical Ave. Cor. Luxembourg St., BF Homes International, Las Pinas City

Tel. No. 8256374 / 252358 Loc. 117/146

Powered by Koha